[Event "Hoogeveen Open 2016"]
[Site "Hoogeveen"]
[Date "2016.10.21"]
[Round "8.3"]
[White "Karavade, Eesha"]
[Black "Rakesh Kumar Jena"]
[Result "1/2-1/2"]
[BlackElo "2247"]
[WhiteElo "2421"]
[LiveChessVersion "1.4.8"]

1. e4 {[%clk 1:30:23]} c5 {[%clk 1:30:46]} 2. Nf3 {[%clk 1:30:23]} d6
{[%clk 1:31:11]} 3. Bb5+ {[%clk 1:30:06]} Bd7 {[%clk 1:31:35]} 4. Bxd7+
{[%clk 1:30:24]} Qxd7 {[%clk 1:31:59]} 5. c4 {[%clk 1:30:43]} Nc6
{[%clk 1:32:04]} 6. d4 {[%clk 1:30:40]} cxd4 {[%clk 1:32:30]} 7. Nxd4
{[%clk 1:31:05]} Nf6 {[%clk 1:32:56]} 8. Nc3 {[%clk 1:30:39]} g6 {[%clk 1:33:18]}
9. f3 {[%clk 1:30:19]} Bg7 {[%clk 1:33:41]} 10. Be3 {[%clk 1:30:43]} O-O
{[%clk 1:34:04]} 11. O-O {[%clk 1:31:08]} a6 {[%clk 1:32:36]} 12. a4
{[%clk 1:23:38]} e6 {[%clk 1:31:41]} 13. a5 {[%clk 1:20:33]} Ne5 {[%clk 1:26:31]}
14. b3 {[%clk 1:14:41]} d5 {[%clk 1:23:07]} 15. exd5 {[%clk 1:14:53]} exd5
{[%clk 1:23:26]} 16. c5 {[%clk 1:12:32]} Nc6 {[%clk 1:19:17]} 17. Qd2
{[%clk 1:09:41]} Rfe8 {[%clk 1:19:14]} 18. Bf2 {[%clk 1:08:05]} Rad8
{[%clk 1:18:34]} 19. Rfd1 {[%clk 1:01:49]} Qc7 {[%clk 1:10:35]} 20. Nce2
{[%clk 0:41:57]} Nd7 {[%clk 1:01:44]} 21. Nxc6 {[%clk 0:28:33]} 1/2-1/2

[Event "Hoogeveen Open 2016"]
[Site "Hoogeveen"]
[Date "2016.10.21"]
[Round "8.4"]
[White "Werle, Jan"]
[Black "Jonkman, Harmen"]
[Result "1-0"]
[BlackElo "2413"]
[WhiteElo "2555"]
[LiveChessVersion "1.4.8"]

1. d4 {[%clk 1:30:56]} Nf6 {[%clk 1:30:39]} 2. c4 {[%clk 1:31:18]} e6
{[%clk 1:31:03]} 3. Nf3 {[%clk 1:30:28]} Bb4+ {[%clk 1:31:15]} 4. Bd2
{[%clk 1:29:59]} Bxd2+ {[%clk 1:31:33]} 5. Qxd2 {[%clk 1:29:27]} O-O
{[%clk 1:31:07]} 6. Nc3 {[%clk 1:28:51]} d5 {[%clk 1:30:30]} 7. e3
{[%clk 1:29:05]} Qe7 {[%clk 1:30:18]} 8. Rc1 {[%clk 1:24:13]} Rd8
{[%clk 1:29:35]} 9. cxd5 {[%clk 1:22:00]} exd5 {[%clk 1:29:49]} 10. Bd3
{[%clk 1:21:55]} Nbd7 {[%clk 1:15:48]} 11. O-O {[%clk 1:21:46]} c6
{[%clk 1:13:59]} 12. a3 {[%clk 1:15:42]} g6 {[%clk 1:04:55]} 13. Qc2
{[%clk 1:08:57]} Ne8 {[%clk 0:55:47]} 14. e4 {[%clk 1:00:34]} dxe4
{[%clk 0:55:40]} 15. Nxe4 {[%clk 1:00:54]} Nf8 {[%clk 0:46:05]} 16. Rfe1
{[%clk 0:57:00]} Be6 {[%clk 0:36:37]} 17. Nc5 {[%clk 0:51:21]} Qc7
{[%clk 0:36:36]} 18. Nxe6 {[%clk 0:43:04]} Nxe6 {[%clk 0:37:01]} 19. Bc4
{[%clk 0:43:19]} N8g7 {[%clk 0:24:53]} 20. Qe4 {[%clk 0:35:06]} Qa5
{[%clk 0:18:01]} 21. Qh4 {[%clk 0:28:44]} Rd6 {[%clk 0:17:38]} 22. Qe7
{[%clk 0:24:33]} Rad8 {[%clk 0:09:08]} 23. Ne5 {[%clk 0:20:13]} Qc7
{[%clk 0:05:17]} 24. Qxc7 {[%clk 0:20:21]} Nxc7 {[%clk 0:05:43]} 25. Nxf7
{[%clk 0:20:44]} Kf8 {[%clk 0:05:53]} 26. Nxd8 {[%clk 0:20:37]} Rxd8
{[%clk 0:06:22]} 27. Rcd1 {[%clk 0:19:45]} Nf5 {[%clk 0:06:36]} 28. Re4
{[%clk 0:19:50]} Nd6 {[%clk 0:06:37]} 29. Rf4+ {[%clk 0:20:00]} Kg7
{[%clk 0:07:03]} 30. Ba2 {[%clk 0:19:36]} Rd7 {[%clk 0:03:28]} 31. a4
{[%clk 0:17:02]} Nf5 {[%clk 0:03:01]} 32. Bb1 {[%clk 0:15:36]} Ne6
{[%clk 0:03:20]} 33. Bxf5 {[%clk 0:15:11]} gxf5 {[%clk 0:03:43]} 34. Rxf5
{[%clk 0:15:35]} Nxd4 {[%clk 0:04:07]} 35. Kf1 {[%clk 0:15:50]} 1-0

[Event "Hoogeveen Open 2016"]
[Site "Hoogeveen"]
[Date "2016.10.21"]
[Round "8.5"]
[White "Shyam, Sundar M."]
[Black "Beerdsen, Thomas"]
[Result "1-0"]
[BlackElo "2404"]
[WhiteElo "2552"]
[LiveChessVersion "1.4.8"]

1. c4 {[%clk 1:30:52]} c5 {[%clk 1:29:52]} 2. Nf3 {[%clk 1:30:59]} Nc6
{[%clk 1:24:11]} 3. Nc3 {[%clk 1:31:16]} g6 {[%clk 1:23:11]} 4. e3
{[%clk 1:31:36]} Bg7 {[%clk 1:23:26]} 5. d4 {[%clk 1:32:01]} cxd4
{[%clk 1:22:55]} 6. exd4 {[%clk 1:32:26]} d6 {[%clk 1:22:48]} 7. Be2
{[%clk 1:28:40]} Bg4 {[%clk 1:18:34]} 8. O-O {[%clk 1:28:07]} Nf6
{[%clk 1:13:25]} 9. h3 {[%clk 1:23:21]} Bxf3 {[%clk 1:13:28]} 10. Bxf3
{[%clk 1:23:47]} O-O {[%clk 1:05:35]} 11. Be3 {[%clk 1:20:14]} Nd7
{[%clk 1:03:11]} 12. Rc1 {[%clk 1:16:16]} Rc8 {[%clk 0:54:13]} 13. b3
{[%clk 1:13:53]} Qa5 {[%clk 0:51:42]} 14. Qd2 {[%clk 1:12:33]} Rfd8
{[%clk 0:46:12]} 15. d5 {[%clk 1:03:37]} Nce5 {[%clk 0:41:33]} 16. Be2
{[%clk 1:03:36]} Nc5 {[%clk 0:40:49]} 17. Rfe1 {[%clk 1:03:16]} a6
{[%clk 0:36:38]} 18. Red1 {[%clk 0:35:51]} Rc7 {[%clk 0:29:27]} 19. Rc2
{[%clk 0:20:46]} Rdc8 {[%clk 0:23:55]} 20. Rb1 {[%clk 0:17:28]} Qb4
{[%clk 0:22:02]} 21. f4 {[%clk 0:16:30]} Ned7 {[%clk 0:20:40]} 22. Qc1
{[%clk 0:16:20]} Bxc3 {[%clk 0:15:30]} 23. Rxc3 {[%clk 0:16:05]} Ne4
{[%clk 0:15:56]} 24. Rc2 {[%clk 0:16:13]} b5 {[%clk 0:15:25]} 25. a3
{[%clk 0:12:41]} Qa5 {[%clk 0:15:49]} 26. b4 {[%clk 0:12:46]} Qa4
{[%clk 0:16:14]} 27. c5 {[%clk 0:13:11]} dxc5 {[%clk 0:08:18]} 28. Bd1
{[%clk 0:13:35]} c4 {[%clk 0:08:37]} 29. Re2 {[%clk 0:11:42]} Qxd1+
{[%clk 0:07:40]} 30. Qxd1 {[%clk 0:12:10]} Nc3 {[%clk 0:08:02]} 31. Qc2
{[%clk 0:12:33]} Nxb1 {[%clk 0:08:11]} 32. Qxb1 {[%clk 0:13:01]} Nf6
{[%clk 0:08:29]} 33. d6 {[%clk 0:11:02]} exd6 {[%clk 0:08:54]} 34. Bd4
{[%clk 0:09:58]} Nd5 {[%clk 0:09:20]} 35. Qe1 {[%clk 0:09:50]} 1-0

[Event "Hoogeveen Open 2016"]
[Site "Hoogeveen"]
[Date "2016.10.21"]
[Round "8.6"]
[White "Ernst, Sipke"]
[Black "Colijn, Stefan"]
[Result "1-0"]
[BlackElo "2293"]
[WhiteElo "2540"]
[LiveChessVersion "1.4.8"]

1. d4 {[%clk 1:30:56]} Nf6 {[%clk 1:30:37]} 2. c4 {[%clk 1:31:22]} c5
{[%clk 1:31:03]} 3. d5 {[%clk 1:29:56]} e6 {[%clk 1:31:30]} 4. Nc3
{[%clk 1:30:24]} exd5 {[%clk 1:31:40]} 5. cxd5 {[%clk 1:30:50]} d6
{[%clk 1:32:04]} 6. Nf3 {[%clk 1:31:16]} g6 {[%clk 1:32:29]} 7. g3
{[%clk 1:31:38]} Bg7 {[%clk 1:32:54]} 8. Bg2 {[%clk 1:32:07]} O-O
{[%clk 1:33:17]} 9. O-O {[%clk 1:32:34]} Re8 {[%clk 1:31:30]} 10. Bf4
{[%clk 1:28:39]} a6 {[%clk 1:29:39]} 11. a4 {[%clk 1:29:02]} Ne4 {[%clk 1:22:30]}
12. Nd2 {[%clk 1:29:27]} Nxc3 {[%clk 1:16:15]} 13. bxc3 {[%clk 1:29:51]} g5
{[%clk 1:16:24]} 14. Be3 {[%clk 1:29:07]} Rxe3 {[%clk 1:07:45]} 15. fxe3
{[%clk 1:29:30]} Bxc3 {[%clk 1:07:53]} 16. Ra3 {[%clk 1:26:36]} Bb2
{[%clk 1:07:02]} 17. Ra2 {[%clk 1:20:40]} Bg7 {[%clk 1:07:26]} 18. Nc4
{[%clk 1:20:02]} Qc7 {[%clk 1:00:19]} 19. Qb1 {[%clk 1:11:59]} Nd7
{[%clk 0:58:47]} 20. Be4 {[%clk 1:10:31]} Nf6 {[%clk 0:50:53]} 21. Bf5
{[%clk 1:09:17]} Nxd5 {[%clk 0:45:36]} 22. Bxc8 {[%clk 0:50:06]} Rxc8
{[%clk 0:38:44]} 23. Qf5 {[%clk 0:49:58]} Nc3 {[%clk 0:37:03]} 24. Rd2
{[%clk 0:46:56]} d5 {[%clk 0:31:09]} 25. Nb6 {[%clk 0:44:58]} Rd8
{[%clk 0:17:17]} 26. Nxd5 {[%clk 0:45:15]} Nxd5 {[%clk 0:17:35]} 27. Rxd5
{[%clk 0:45:41]} Rxd5 {[%clk 0:17:53]} 28. Qxd5 {[%clk 0:46:06]} Qe7
{[%clk 0:18:16]} 29. Rf5 {[%clk 0:41:32]} Qxe3+ {[%clk 0:09:58]} 30. Kf1
{[%clk 0:41:57]} h6 {[%clk 0:08:35]} 31. Rxf7 {[%clk 0:41:50]} Qc1+
{[%clk 0:03:23]} 32. Kg2 {[%clk 0:42:11]} 1-0

[Event "Hoogeveen Open 2016"]
[Site "Hoogeveen"]
[Date "2016.10.21"]
[Round "8.7"]
[White "Debashis, Das"]
[Black "Nitin, S."]
[Result "1/2-1/2"]
[BlackElo "2410"]
[WhiteElo "2478"]
[LiveChessVersion "1.4.8"]

1. d4 {[%clk 1:30:30]} Nf6 {[%clk 1:30:23]} 2. Nf3 {[%clk 1:30:53]} g6
{[%clk 1:30:47]} 3. Bg5 {[%clk 1:31:20]} Bg7 {[%clk 1:31:08]} 4. Nbd2
{[%clk 1:31:45]} O-O {[%clk 1:31:14]} 5. c3 {[%clk 1:32:06]} d6 {[%clk 1:30:44]}
6. e3 {[%clk 1:32:19]} Qe8 {[%clk 1:27:14]} 7. Bc4 {[%clk 1:22:54]} Nbd7
{[%clk 1:25:43]} 8. O-O {[%clk 1:22:17]} e5 {[%clk 1:25:11]} 9. e4
{[%clk 1:17:17]} h6 {[%clk 1:24:52]} 10. Bh4 {[%clk 1:16:31]} Nh5
{[%clk 1:24:25]} 11. Re1 {[%clk 1:14:39]} Nb6 {[%clk 1:15:39]} 12. Bb3
{[%clk 1:14:23]} a5 {[%clk 1:14:45]} 13. a4 {[%clk 1:13:06]} Bg4 {[%clk 1:14:54]}
14. Qc2 {[%clk 1:05:43]} Kh8 {[%clk 1:07:27]} 15. dxe5 {[%clk 0:54:31]} dxe5
{[%clk 1:07:45]} 16. Re3 {[%clk 0:54:49]} Nf4 {[%clk 0:50:52]} 17. h3
{[%clk 0:47:53]} Be6 {[%clk 0:49:48]} 18. Bg3 {[%clk 0:45:00]} g5
{[%clk 0:38:03]} 19. Bxe6 {[%clk 0:38:28]} fxe6 {[%clk 0:37:08]} 20. Ree1
{[%clk 0:31:34]} Qc6 {[%clk 0:26:47]} 21. Qb3 {[%clk 0:17:54]} Nd7
{[%clk 0:23:46]} 22. Bxf4 {[%clk 0:15:16]} Nc5 {[%clk 0:15:43]} 23. Qc4
{[%clk 0:13:40]} gxf4 {[%clk 0:14:54]} 24. Qb5 {[%clk 0:11:56]} Qxb5
{[%clk 0:14:38]} 25. axb5 {[%clk 0:12:20]} Nd3 {[%clk 0:15:07]} 26. Reb1
{[%clk 0:12:08]} Nc5 {[%clk 0:08:03]} 27. b4 {[%clk 0:06:09]} axb4
{[%clk 0:08:26]} 28. Rxa8 {[%clk 0:06:35]} Rxa8 {[%clk 0:08:46]} 29. cxb4
{[%clk 0:06:49]} Nd3 {[%clk 0:08:57]} 30. Kf1 {[%clk 0:06:46]} Ra4
{[%clk 0:09:10]} 31. Nc4 {[%clk 0:05:37]} Ra2 {[%clk 0:07:04]} 32. Nfd2
{[%clk 0:04:20]} f3 1/2-1/2

[Event "Hoogeveen Open 2016"]
[Site "Hoogeveen"]
[Date "2016.10.21"]
[Round "8.8"]
[White "Okkes, Menno"]
[Black "Rathnakaran, K."]
[Result "1-0"]
[BlackElo "2469"]
[WhiteElo "2322"]
[LiveChessVersion "1.4.8"]

1. Nf3 {[%clk 1:30:46]} Nf6 {[%clk 1:30:50]} 2. c4 {[%clk 1:31:08]} g6
{[%clk 1:31:13]} 3. Nc3 {[%clk 1:31:13]} Bg7 {[%clk 1:31:37]} 4. e4
{[%clk 1:30:08]} d6 {[%clk 1:32:01]} 5. d4 {[%clk 1:30:30]} O-O {[%clk 1:32:24]}
6. Be2 {[%clk 1:30:58]} e5 {[%clk 1:32:35]} 7. O-O {[%clk 1:31:21]} Nc6
{[%clk 1:32:58]} 8. d5 {[%clk 1:31:37]} Ne7 {[%clk 1:33:20]} 9. Ne1
{[%clk 1:31:59]} Nd7 {[%clk 1:28:13]} 10. Be3 {[%clk 1:32:22]} f5
{[%clk 1:28:37]} 11. f3 {[%clk 1:32:50]} f4 {[%clk 1:28:30]} 12. Bf2
{[%clk 1:33:15]} g5 {[%clk 1:28:57]} 13. Rc1 {[%clk 1:33:36]} Rf6
{[%clk 1:29:01]} 14. c5 {[%clk 1:18:35]} dxc5 {[%clk 1:25:25]} 15. Nd3 c4
{[%clk 1:22:15]} 16. Nc5 {[%clk 1:12:04]} Nb6 {[%clk 1:16:30]} 17. a4
{[%clk 1:12:04]} a5 {[%clk 1:16:10]} 18. Nb5 {[%clk 1:07:55]} Bf8
{[%clk 0:44:52]} 19. Ne6 {[%clk 0:58:14]} Bxe6 {[%clk 0:45:05]} 20. dxe6
{[%clk 0:56:22]} Rxe6 {[%clk 0:41:20]} 21. Rxc4 {[%clk 0:54:38]} Rc6
{[%clk 0:37:26]} 22. Rxc6 {[%clk 0:48:27]} Nxc6 {[%clk 0:33:29]} 23. Qb3+
{[%clk 0:48:18]} Kg7 {[%clk 0:30:13]} 24. Rd1 {[%clk 0:43:45]} Qe7
{[%clk 0:29:28]} 25. Nxc7 {[%clk 0:42:05]} Qxc7 {[%clk 0:29:41]} 26. Bxb6
{[%clk 0:41:30]} Qe7 {[%clk 0:30:07]} 27. Qd5 {[%clk 0:33:40]} Qf7
{[%clk 0:20:36]} 28. Qxf7+ {[%clk 0:33:12]} Kxf7 {[%clk 0:21:02]} 29. Rd7+
{[%clk 0:33:01]} Kg6 {[%clk 0:21:28]} 30. Bc4 {[%clk 0:23:34]} Nd4
{[%clk 0:18:49]} 31. b3 {[%clk 0:19:45]} h5 {[%clk 0:16:49]} 32. Rxb7
{[%clk 0:10:24]} g4 {[%clk 0:16:13]} 33. Kf2 {[%clk 0:10:06]} Bb4
{[%clk 0:16:14]} 34. Bxd4 {[%clk 0:09:04]} exd4 {[%clk 0:16:32]} 35. Rb6+
{[%clk 0:09:21]} Kg7 {[%clk 0:15:41]} 36. Rb7+ {[%clk 0:09:40]} Kh6
{[%clk 0:13:46]} 37. Rb6+ {[%clk 0:09:45]} Kg7 {[%clk 0:12:56]} 38. Rb5
{[%clk 0:09:57]} Kg6 {[%clk 0:10:23]} 39. Rf5 {[%clk 0:09:25]} Rf8
{[%clk 0:08:33]} 40. Rd5 {[%clk 0:04:28]} Rf6 {[%clk 0:06:07]} 41. Ke2
{[%clk 0:04:42]} Rd6 {[%clk 0:06:17]} 42. Rf5 {[%clk 0:03:26]} gxf3+
{[%clk 0:05:47]} 43. gxf3 {[%clk 0:03:27]} Rf6 {[%clk 0:26:49]} 44. Rb5
{[%clk 0:25:51]} Bc3 {[%clk 0:25:15]} 45. Kd3 h4 46. h3 {[%clk 0:24:48]} Rf8
{[%clk 0:23:49]} 47. Be6 {[%clk 0:24:32]} Kf6 {[%clk 0:23:56]} 48. Bg4
{[%clk 0:24:50]} Re8 {[%clk 0:22:57]} 49. Rf5+ {[%clk 0:24:07]} Ke7
{[%clk 0:23:23]} 50. Re5+ {[%clk 0:24:03]} Kf8 {[%clk 0:22:08]} 51. Rh5
{[%clk 0:24:17]} Ke7 {[%clk 0:21:44]} 52. Rxh4 {[%clk 0:23:33]} Rb8
{[%clk 0:21:26]} 53. Rh7+ {[%clk 0:21:40]} Kd6 {[%clk 0:21:00]} 54. Rh6+
{[%clk 0:20:54]} Kc5 {[%clk 0:21:04]} 55. Be6 {[%clk 0:21:11]} Kb4
{[%clk 0:19:54]} 56. Bc4 {[%clk 0:20:52]} Rb7 {[%clk 0:19:43]} 57. h4
{[%clk 0:20:13]} Rg7 {[%clk 0:19:56]} 58. Rb6+ {[%clk 0:20:27]} Ka3
{[%clk 0:20:21]} 59. e5 {[%clk 0:19:31]} Rg1 {[%clk 0:20:16]} 60. Ke4
{[%clk 0:18:59]} Re1+ {[%clk 0:20:28]} 61. Kxf4 {[%clk 0:18:47]} Bd2+
{[%clk 0:18:09]} 62. Kf5 {[%clk 0:18:26]} Re3 {[%clk 0:18:33]} 63. Rd6
{[%clk 0:12:55]} Rxf3+ {[%clk 0:18:51]} 64. Ke6 {[%clk 0:13:06]} Bc3
{[%clk 0:18:34]} 65. Kd7 {[%clk 0:13:14]} Rh3 {[%clk 0:16:44]} 66. e6
{[%clk 0:13:37]} Rxh4 {[%clk 0:17:03]} 67. e7 {[%clk 0:13:26]} Rh7
{[%clk 0:17:29]} 68. Bd3 {[%clk 0:13:13]} Rxe7+ {[%clk 0:17:27]} 69. Kxe7
{[%clk 0:13:33]} Bb4 {[%clk 0:17:52]} 70. Bc4 {[%clk 0:12:49]} 1-0

[Event "Hoogeveen Open 2016"]
[Site "Hoogeveen"]
[Date "2016.10.21"]
[Round "8.9"]
[White "Ten Hertog, Hugo"]
[Black "Mager, Denis"]
[Result "1-0"]
[BlackElo "2224"]
[WhiteElo "2468"]
[LiveChessVersion "1.4.8"]

1. e4 {[%clk 1:30:53]} c5 {[%clk 1:30:30]} 2. Nf3 {[%clk 1:31:19]} d6
{[%clk 1:30:52]} 3. d4 {[%clk 1:31:46]} cxd4 {[%clk 1:31:17]} 4. Nxd4
{[%clk 1:32:12]} Nf6 {[%clk 1:31:39]} 5. Nc3 {[%clk 1:32:40]} a6 {[%clk 1:32:02]}
6. h3 {[%clk 1:33:07]} e5 {[%clk 1:30:50]} 7. Nde2 {[%clk 1:30:47]} Be6
{[%clk 1:27:31]} 8. g4 {[%clk 1:30:33]} d5 {[%clk 1:21:22]} 9. exd5
{[%clk 1:24:35]} Nxd5 {[%clk 1:20:19]} 10. Bg2 {[%clk 1:24:54]} Nxc3
{[%clk 1:18:49]} 11. Qxd8+ {[%clk 1:25:18]} Kxd8 {[%clk 1:19:15]} 12. Nxc3
{[%clk 1:25:40]} Nc6 {[%clk 1:18:10]} 13. Be3 {[%clk 1:22:18]} Kc7
{[%clk 1:13:19]} 14. O-O-O {[%clk 1:20:09]} Rc8 {[%clk 1:10:15]} 15. f4
{[%clk 1:15:46]} f6 {[%clk 1:06:22]} 16. f5 {[%clk 1:15:41]} Bc4 {[%clk 1:04:57]}
17. Bd5 {[%clk 0:38:14]} Bxd5 {[%clk 1:03:28]} 18. Nxd5+ {[%clk 0:38:31]} Kb8
{[%clk 1:03:13]} 19. Nb6 {[%clk 0:36:36]} Rc7 {[%clk 0:59:50]} 20. Nd7+
{[%clk 0:36:56]} Kc8 {[%clk 0:59:30]} 21. Nb6+ {[%clk 0:37:23]} Kb8
{[%clk 0:59:44]} 22. Rh2 {[%clk 0:30:28]} Be7 {[%clk 0:54:11]} 23. Nd7+
{[%clk 0:30:10]} Kc8 {[%clk 0:53:19]} 24. Nb6+ {[%clk 0:30:36]} Kb8
{[%clk 0:53:43]} 25. Rhd2 {[%clk 0:31:03]} Nd4 {[%clk 0:47:56]} 26. Bxd4
{[%clk 0:28:06]} exd4 {[%clk 0:48:21]} 27. Rxd4 {[%clk 0:27:48]} Ka7
{[%clk 0:47:13]} 28. Nd5 {[%clk 0:26:59]} Rd7 {[%clk 0:47:19]} 29. Nf4
{[%clk 0:25:45]} Rxd4 {[%clk 0:45:14]} 30. Rxd4 {[%clk 0:25:41]} Bc5
{[%clk 0:45:39]} 31. Rd3 {[%clk 0:26:05]} Bb6 {[%clk 0:44:11]} 32. Nh5
{[%clk 0:22:40]} g6 {[%clk 0:41:31]} 33. fxg6 {[%clk 0:22:49]} hxg6
{[%clk 0:41:54]} 34. Nxf6 {[%clk 0:23:04]} Rf8 {[%clk 0:41:08]} 35. Nd5
{[%clk 0:23:18]} 1-0

[Event "Hoogeveen Open 2016"]
[Site "Hoogeveen"]
[Date "2016.10.21"]
[Round "8.10"]
[White "De Jong, Migchiel"]
[Black "Romanishin, Oleg M"]
[Result "0-1"]
[BlackElo "2456"]
[WhiteElo "2330"]
[LiveChessVersion "1.4.8"]

1. Nf3 {[%clk 1:30:17]} Nf6 {[%clk 1:30:20]} 2. c4 {[%clk 1:30:23]} g6
{[%clk 1:22:06]} 3. d4 {[%clk 1:28:05]} d6 {[%clk 1:22:31]} 4. Nc3
{[%clk 1:28:18]} Bg4 {[%clk 1:22:46]} 5. e3 {[%clk 1:27:48]} Bg7 {[%clk 1:22:35]}
6. h3 {[%clk 1:27:57]} Bxf3 {[%clk 1:21:31]} 7. Qxf3 {[%clk 1:28:19]} c6
{[%clk 1:21:59]} 8. g3 {[%clk 1:27:01]} O-O {[%clk 1:22:07]} 9. Bg2
{[%clk 1:27:16]} Re8 {[%clk 1:10:04]} 10. O-O {[%clk 1:25:40]} e5
{[%clk 1:10:05]} 11. Qd1 {[%clk 1:23:15]} Nbd7 {[%clk 1:04:30]} 12. d5
{[%clk 1:20:15]} cxd5 {[%clk 1:04:38]} 13. Nxd5 {[%clk 1:20:08]} e4
{[%clk 1:04:55]} 14. Nxf6+ {[%clk 1:17:11]} Nxf6 {[%clk 1:03:13]} 15. Qb3
{[%clk 1:16:16]} d5 {[%clk 0:59:39]} 16. Rd1 {[%clk 1:12:20]} dxc4
{[%clk 0:59:45]} 17. Rxd8 {[%clk 1:12:39]} cxb3 {[%clk 0:59:51]} 18. Rxa8
{[%clk 1:12:57]} Rxa8 {[%clk 1:00:06]} 19. axb3 {[%clk 1:13:21]} Rd8
{[%clk 0:56:13]} 20. Kf1 {[%clk 1:13:41]} a5 {[%clk 0:44:51]} 21. Ke2
{[%clk 1:13:46]} b6 {[%clk 0:44:56]} 22. Bd2 {[%clk 1:13:00]} Nd5
{[%clk 0:36:31]} 23. Bxe4 {[%clk 1:13:15]} Bxb2 {[%clk 0:36:46]} 24. Rd1
{[%clk 1:12:38]} Nb4 {[%clk 0:36:25]} 25. g4 {[%clk 0:34:49]} Na2
{[%clk 0:32:03]} 26. f4 {[%clk 0:30:45]} Bc3 {[%clk 0:23:53]} 27. Bb1
{[%clk 0:28:24]} Rxd2+ {[%clk 0:24:02]} 28. Rxd2 {[%clk 0:28:48]} Nc1+
{[%clk 0:24:27]} 29. Kd1 {[%clk 0:28:19]} Bxd2 {[%clk 0:24:51]} 30. Kxd2
{[%clk 0:28:42]} Nxb3+ {[%clk 0:25:17]} 31. Kc3 {[%clk 0:28:57]} Nc5
{[%clk 0:24:11]} 32. Kc4 {[%clk 0:29:16]} a4 {[%clk 0:16:56]} 33. Kb5
{[%clk 0:29:03]} a3 {[%clk 0:14:46]} 34. Kb4 {[%clk 0:28:50]} Nd3+
{[%clk 0:14:08]} 35. Kxa3 {[%clk 0:29:12]} Nf2 {[%clk 0:14:34]} 36. Kb4
{[%clk 0:28:26]} Nxh3 {[%clk 0:14:55]} 37. g5 {[%clk 0:23:42]} Kg7
{[%clk 0:11:12]} 38. Bd3 {[%clk 0:21:54]} Nf2 {[%clk 0:08:06]} 39. Be2
{[%clk 0:22:11]} f6 {[%clk 0:04:46]} 40. gxf6+ {[%clk 0:22:19]} Kxf6
{[%clk 0:05:15]} 41. Kc4 {[%clk 0:22:27]} h5 {[%clk 0:05:11]} 42. Kd5
{[%clk 0:20:55]} h4 {[%clk 0:03:40]} 43. e4 {[%clk 0:20:22]} h3 {[%clk 0:26:06]}
44. Bf3 {[%clk 0:50:38]} Ke7 {[%clk 0:24:38]} 45. f5 {[%clk 0:50:31]} gxf5
{[%clk 0:25:01]} 46. exf5 {[%clk 0:50:02]} Kf6 {[%clk 0:25:05]} 47. Kd4
{[%clk 0:49:57]} Kxf5 {[%clk 0:25:24]} 48. Ke3 {[%clk 0:50:17]} Ng4+
{[%clk 0:25:43]} 49. Ke2 {[%clk 0:50:09]} Kf4 {[%clk 0:26:01]} 50. Bc6
{[%clk 0:47:01]} Kg3 {[%clk 0:26:11]} 51. Bd5 {[%clk 0:44:30]} Ne5
{[%clk 0:25:10]} 52. Kf1 {[%clk 0:44:21]} Ng4 {[%clk 0:25:17]} 53. Ke2
{[%clk 0:44:31]} Ne5 {[%clk 0:24:51]} 54. Ke3 {[%clk 0:44:04]} Ng6
{[%clk 0:24:58]} 55. Be6 {[%clk 0:42:35]} Ne7 {[%clk 0:23:40]} 56. Kd4 0-1

[Event "Hoogeveen Open 2016"]
[Site "Hoogeveen"]
[Date "2016.10.21"]
[Round "8.11"]
[White "Schoppen, Casper"]
[Black "Bellia, Fabrizio"]
[Result "1-0"]
[BlackElo "2447"]
[WhiteElo "2304"]
[LiveChessVersion "1.4.8"]

1. e4 {[%clk 1:30:56]} e5 {[%clk 1:30:55]} 2. Nf3 {[%clk 1:31:21]} Nc6
{[%clk 1:31:21]} 3. Bb5 {[%clk 1:31:45]} a6 {[%clk 1:31:47]} 4. Ba4
{[%clk 1:32:09]} Nf6 {[%clk 1:32:09]} 5. O-O {[%clk 1:32:31]} Be7
{[%clk 1:32:33]} 6. d3 {[%clk 1:32:55]} d6 {[%clk 1:32:29]} 7. c3
{[%clk 1:32:34]} O-O {[%clk 1:32:48]} 8. Re1 {[%clk 1:32:38]} b5 {[%clk 1:30:33]}
9. Bc2 {[%clk 1:32:39]} Re8 {[%clk 1:30:31]} 10. Nbd2 {[%clk 1:31:09]} Bf8
{[%clk 1:30:23]} 11. a4 {[%clk 1:29:27]} Bb7 {[%clk 1:26:14]} 12. Nf1
{[%clk 1:27:25]} h6 {[%clk 1:26:04]} 13. h3 {[%clk 1:22:32]} Qd7 {[%clk 1:25:29]}
14. Ng3 {[%clk 1:16:48]} Rad8 {[%clk 1:22:23]} 15. Qe2 {[%clk 1:13:13]} d5
{[%clk 1:20:29]} 16. Nf5 {[%clk 1:08:19]} b4 {[%clk 1:11:46]} 17. a5
{[%clk 1:04:36]} bxc3 {[%clk 1:05:15]} 18. bxc3 {[%clk 1:04:32]} Na7
{[%clk 1:05:37]} 19. Ng3 {[%clk 0:50:01]} Nb5 {[%clk 0:59:35]} 20. Bb2
{[%clk 0:45:39]} d4 {[%clk 0:49:12]} 21. cxd4 {[%clk 0:44:15]} exd4
{[%clk 0:47:42]} 22. Qd2 {[%clk 0:40:51]} c5 {[%clk 0:47:19]} 23. Bb3
{[%clk 0:39:28]} Rb8 {[%clk 0:43:02]} 24. Qc2 {[%clk 0:35:38]} Bc6
{[%clk 0:28:02]} 25. Nd2 {[%clk 0:33:49]} h5 {[%clk 0:23:01]} 26. Nc4
{[%clk 0:30:28]} g6 {[%clk 0:21:52]} 27. Nb6 {[%clk 0:29:35]} Qd8
{[%clk 0:21:09]} 28. Qc4 {[%clk 0:23:36]} Re6 {[%clk 0:13:20]} 29. Qc1
{[%clk 0:21:28]} Re8 {[%clk 0:13:22]} 30. Qg5 {[%clk 0:18:58]} Bg7
{[%clk 0:08:45]} 31. Qxg6 {[%clk 0:17:44]} 1-0